000 00512nam a2200181Ia 4500
008 090123s9999 xx 000 0 und d
082 _b34149
100 _aसुळे कल्पना
245 _aया वळणावर
250 _a0
260 _bशारदा प्रकाशन
300 _a32
600 _aसुळे कल्पना
630 _aया वळणावर
700 _aसुळे कल्पना
730 _aया वळणावर
942 _cBOOK
999 _c72191
_d72191